Vegetable And Crop Production (Record no. 480192)

000 -LEADER
fixed length control field 00471nam a22001817a 4500
003 - CONTROL NUMBER IDENTIFIER
control field ASAB
005 - DATE AND TIME OF LATEST TRANSACTION
control field 20180827062652.0
008 - FIXED-LENGTH DATA ELEMENTS--GENERAL INFORMATION
fixed length control field 160920t xxu||||| |||| 00| 0 eng d
020 ## - INTERNATIONAL STANDARD BOOK NUMBER
International Standard Book Number 978-81-89473-07-5
040 ## - CATALOGING SOURCE
Transcribing agency ASAB
082 ## - DEWEY DECIMAL CLASSIFICATION NUMBER
Classification number 635
100 ## - MAIN ENTRY--PERSONAL NAME
Personal name D.V. Kamath
9 (RLIN) 4102
245 ## - TITLE STATEMENT
Title Vegetable And Crop Production
Statement of responsibility, etc. D.V. Kamath
260 ## - PUBLICATION, DISTRIBUTION, ETC.
Place of publication, distribution, etc. Jaipur, India.
Name of publisher, distributor, etc. Oxford Book Company.
Date of publication, distribution, etc. 2007.
300 ## - PHYSICAL DESCRIPTION
Extent 309 p
630 ## - SUBJECT ADDED ENTRY--UNIFORM TITLE
Uniform title Vegetable and Crop
9 (RLIN) 4103
942 ## - ADDED ENTRY ELEMENTS (KOHA)
Source of classification or shelving scheme
Koha item type Book
Holdings
Withdrawn status Lost status Source of classification or shelving scheme Damaged status Not for loan Collection code Permanent Location Current Location Date acquired Total Checkouts Total Renewals Full call number Barcode Date last seen Date last checked out Price effective from Koha item type
            Atta-ur-Rahman School of Applied Biosciences (ASAB) Atta-ur-Rahman School of Applied Biosciences (ASAB) 09/20/2016 3 1 635 KAM ASAB2225 07/05/2018 11/21/2016 09/20/2016 Book
© 2023 Central Library, National University of Sciences and Technology. All Rights Reserved.